Compter de 1 à 20 en Hexadécimal - Statistiques

Statistiques générales
  • Ce quiz a été pris 49 fois
  • Le résultat moyen est 14 sur 20
Statistiques - réponses
Hint Réponse % Correct
1 1
97%
2 2
94%
3 3
94%
4 4
94%
5 5
94%
6 6
94%
7 7
94%
8 8
92%
9 9
92%
16 10
75%
17 11
61%
18 12
58%
20 14
53%
10 A
53%
19 13
50%
11 B
47%
12 C
47%
14 E
47%
15 F
47%
13 D
44%
Aucun quiz correspondant
Distribution des résultats
% des personnes avec chaque résultat
Percentile par nombre de réponses
Votre historique - résultats
Vous n’avez pas pris ce quiz